[Event "WJCC U20 Girls 2019"]
[Site "New Delhi"]
[Date "2019.10.15"]
[Round "1.6"]
[White "Zhang, Xiao"]
[Black "Assaubayeva, Bibisara"]
[Result "*"]
[WhiteElo "2053"]
[BlackElo "2381"]
[Annotator "NA"]
[PlyCount "96"]
[EventDate "2019.10.15"]
[EventType "swiss"]
[EventCountry "IND"]
[SourceTitle "playchess.com"]
[Source "ChessBase"]
[SourceQuality "1"]
[TimeControl "40/5400+30:1800+30"]

1. d4 {[%emt 0:00:00]} d5 {[%emt 0:00:00]} 2. c4 {[%emt 0:00:00]} c6 {[%emt 0:00:00]} 3. Nf3 {[%emt 0:00:00]} Nf6 {[%emt 0:00:07]} 4. e3 {[%emt 0:00:17]} Bf5 {[%emt 0:00:39]} 5. Nc3 {[%emt 0:00:20]} e6 {[%emt 0:00:10]} 6. Nh4 {[%emt 0:03:01]} Be4 {[%emt 0:00:23]} 7. f3 {[%emt 0:02:31]} Bg6 {[%emt 0:00:09]} 8. Nxg6 {[%emt 0:08:15]} hxg6 {[%emt 0:00:09]} 9. cxd5 {[%emt 0:00:11]} cxd5 {[%emt 0:04:05]} 10. Qb3 {[%emt 0:01:28]} Qc7 {[%emt 0:03:58]} 11. Bd2 {[%emt 0:06:01]} Nc6 {[%emt 0:03:10]} 12. O-O-O {[%emt 0:05:10]} a6 {[%emt 0:01:43]} 13. Kb1 {[%emt 0:00:34]} Nd7 {[%emt 0:07:12]} 14. Rc1 {[%emt 0:03:45]} Rc8 {[%emt 0:07:21]} 15. e4 {[%emt 0:08:41]} dxe4 {[%emt 0:21:48]} 16. Nxe4 {[%emt 0:06:04]} Qb6 {[%emt 0:08:25]} 17. Qa4 {[%emt 0:03:26]} Be7 {[%emt 0:04:05]} 18. h4 {[%emt 0:24:47]} Rd8 {[%emt 0:04:21]} 19. Be3 {[%emt 0:09:01]} Qb4 {[%emt 0:06:01]} 20. Qxb4 {[%emt 0:01:19]} Nxb4 {[%emt 0:00:04]} 21. Bf2 {[%emt 0:00:51]} Nd5 {[%emt 0:06:52]} 22. Nc5 {[%emt 0:01:03]} Nxc5 {[%emt 0:08:29]} 23. dxc5 {[%emt 0:00:05]} Bf6 {[%emt 0:00:28]} 24. Bc4 {[%emt 0:04:26]} Nf4 {[%emt 0:03:35]} 25. c6 {[%emt 0:07:23]} bxc6 {[%emt 0:02:39]} 26. Bxa6 {[%emt 0:01:42]} Rd2 {[%emt 0:02:34]} 27. Rc2 {[%emt 0:00:03]} Rxc2 {[%emt 0:00:08]} 28. Kxc2 {[%emt 0:00:01]} Nxg2 {[%emt 0:00:10]} 29. Rd1 {[%emt 0:00:47]} Bxh4 {[%emt 0:01:17]} 30. Bc5 {[%emt 0:01:50]} Rh5 {[%emt 0:01:18]} 31. Bb6 {[%emt 0:00:03]} Ne1+ {[%emt 0:03:20]} 32. Kb3 {[%emt 0:00:43]} Rf5 {[%emt 0:00:43]} 33. a4 {[%emt 0:00:22]} Rxf3+ {[%emt 0:00:22]} 34. Kc4 {[%emt 0:01:27]} Nc2 {[%emt 0:00:40]} 35. Bb7 {[%emt 0:00:45]} Rf4+ {[%emt 0:00:10]} 36. Kc3 {[%emt 0:00:17]} Nb4 {[%emt 0:00:15]} 37. Bc7 {[%emt 0:00:22]} Re4 {[%emt 0:00:41]} 38. Kb3 {[%emt 0:00:46]} Be7 {[%emt 0:00:40]} 39. a5 {[%emt 0:00:15]} Re3+ {[%emt 0:00:43]} 40. Kc4 {[%emt 0:00:13]} Re4+ {[%emt 0:00:29]} 41. Kb3 {[%emt 0:30:02]} Re3+ {[%emt 0:30:24]} 42. Kc4 {[%emt 0:00:04]} Re4+ {[%emt 0:00:00]} 43. Kb3 {[%emt 0:00:00]} f5 {[%emt 0:00:00]} 44. a6 {[%emt 0:00:00]} Nxa6 {[%emt 0:00:00]} 45. Bxa6 {[%emt 0:00:00]} g5 {[%emt 0:00:00]} 46. Bd3 {[%emt 0:00:00]} Rb4+ {[%emt 0:00:00]} 47. Kc2 {[%emt 0:00:00]} g4 {[%emt 0:00:00]} 48. b3 {[%emt 0:00:00]} Rb7 {[%emt 0:00:00]} *

[Event "WJCC U20 Girls 2019"]
[Site "New Delhi"]
[Date "2019.10.15"]
[Round "1.8"]
[White "Jain Nityata"]
[Black "Potapova, Margarita"]
[Result "0-1"]
[WhiteElo "2029"]
[BlackElo "2377"]
[Annotator "TA"]
[PlyCount "60"]
[EventDate "2019.10.15"]
[EventType "swiss"]
[EventCountry "IND"]
[SourceTitle "playchess.com"]
[Source "ChessBase"]
[SourceQuality "1"]

{[%evp 9,82,17,30,25,18,21,42,0,0,0,0,0,0,14,12,12,0,-17,-16,-22,-16,-22,-22,-33,-39,-37,-38,-37,-29,-30,-26,-25,-20,-23,-22,-65,-35,-118,-114,-106,-116,-147,-149,-181,8,-200,0,-263,-230,-219,0,-156,-150,-143,-139,-269,-253,-312,-240,-345,-355,-384,-242,-244,-240,-379,-389,-529,-509,-710,-684,-837,-833,-925,-794]} 1. e4 c5 2. Nf3 d6 3. Bb5+ Nd7 4. O-O a6 5. Bd3 Ngf6 6. Re1 {B51: Sicilian: Moscow Variation (3 Bb5+) without 3...Bd7} g6 7. c3 Bh6 8. Bc2 {White is slightly better.} Ne5 9. Nxe5 dxe5 10. d3 Bg4 $146 ({Predecessor:} 10... Bxc1 11. Qxc1 O-O 12. Nd2 Qc7 {½-½ (28) Lu,S (2643)-Sjugirov,S (2663) Qinhuangdao 2018}) 11. f3 Bxc1 12. Qxc1 Be6 13. Nd2 O-O 14. Nb3 Qc7 15. Qe3 Rac8 16. Rac1 Rfd8 17. d4 {[%cal Rb3c5]} Bxb3 18. Bxb3 c4 19. dxe5 $1 Qxe5 20. Bc2 Qb5 21. b4 cxb3 22. Bxb3 Rd3 23. Qf2 (23. c4 $15 Rxe3 24. cxb5 Rxe1+ 25. Rxe1) 23... Rcxc3 24. Rxc3 Rxc3 25. e5 Nd5 26. e6 {next exf7+ is good for White.} Rd3 $2 (26... f6 $19 {aiming for ...Qa5.} 27. h3 Kg7) 27. Qa7 $2 (27. exf7+ $11 {and White stays safe.} Kf8 28. Qh4) 27... Kg7 $2 (27... f6 $19 28. h3 Kg7 29. Bxd5 Rxd5) 28. Rc1 $2 {[%mdl 8192]} (28. exf7 $11 {and White has nothing to worry.} Kxf7 29. Qb8) 28... Rd2 ({Don't play} 28... fxe6 29. Qc5 $19) 29. Kh1 {White wants to play exf7.} Nf4 $2 $40 {[%mdl 128] Black attacks.} (29... fxe6 $19 {Threatens to win with ...Rxg2!} 30. Rg1 g5 31. Bxd5 Qxd5) 30. Qe3 $2 {[#]} ({Only move:} 30. exf7 $11 Qe2 31. Qg1) 30... Qb4 {Played: Qb5-e2} 0-1

[Event "WJCC U20 Girls 2019"]
[Site "New Delhi"]
[Date "2019.10.15"]
[Round "1.9"]
[White "Divya Deshmukh"]
[Black "Bakshi, Rutuja"]
[Result "1/2-1/2"]
[WhiteElo "2358"]
[BlackElo "2029"]
[Annotator "TA"]
[PlyCount "83"]
[EventDate "2019.10.15"]
[EventType "swiss"]
[EventCountry "IND"]
[SourceTitle "playchess.com"]
[Source "ChessBase"]
[SourceQuality "1"]

{[%evp 17,83,8,1,-14,-18,-31,0,0,0,0,6,0,0,0,0,-8,9,0,0,0,0,0,16,34,22,0,40,38,135,126,156,121,134,128,129,85,115,111,147,153,177,159,171,79,177,0,0,0,2,0,2,-77,-106,-160,-170,-139,-139,-150,819,288,503,-1174,-28,-675,0,0,475,-1181]} 1. Nf3 d5 2. g3 Nf6 3. Bg2 c6 4. d3 Bf5 5. Nbd2 e6 6. O-O Be7 7. Qe1 h6 8. e4 Bh7 9. Qe2 O-O 10. Rd1 {A07: Réti Opening: New York and Capablanca Systems} (10. Re1 a5 11. a4 Na6 12. Nb3 dxe4 13. dxe4 Bxe4 14. Be3 Nb4 15. Red1 Qc8 16. c3 Nc2 17. Rac1 Nxe3 18. Qxe3 Qc7 {0-1 (39) Hasangatin,R (2505)-Alekseev,E (2636) Sochi 2016}) 10... Qc7 11. b3 $146 ({Predecessor:} 11. Ne1 Rd8 12. c3 Na6 13. e5 Nd7 14. d4 c5 15. Nf1 cxd4 16. cxd4 Nb6 17. Qg4 Bf5 {0-1 (36) Kolanovic,K (1867)-Livaic,L (2044) Sv Filip i Jakov 2014}) 11... a5 12. a4 {The position is equal.} Na6 13. Bb2 Rfd8 14. Ne1 Nb4 15. f4 b5 16. Kh1 Na6 17. Bf3 Nc5 18. e5 Nfd7 19. d4 Na6 20. axb5 cxb5 21. Qxb5 Nb4 22. Rdc1 $36 {[%mdl 2048] White has the initiative.} Rdb8 (22... a4 $1 $14) 23. Qf1 $16 Qb6 24. c4 Ra7 25. Bc3 Qd8 26. Qg2 Nb6 27. c5 {[#] And now Bxb4 would win.} Nd7 28. Ra4 Nc6 29. Nc2 Kh8 30. Ne3 (30. Qe2 $18 {is more deadly.}) 30... f6 (30... Bxc5 $16 31. dxc5 Nxc5) 31. f5 $2 (31. exf6 $18 Bxf6 32. Ng4) 31... fxe5 $11 32. fxe6 exd4 33. Bxd4 ({Inferior is} 33. exd7 dxc3 34. Nb1 Bxc5 $17) 33... Nxd4 34. exd7 (34. Rxd4 $11 {was the only way to keep the balance.} Bxc5 35. Rxd5 {[%mdl 64] Pin} Bxe3 36. Rd1) 34... Nxf3 $17 35. Qxf3 (35. Nxf3 $142 Qxd7 36. c6) 35... Rxd7 36. c6 Rc8 37. cxd7 Rc7 $2 (37... Rxc1+ $17 38. Kg2 Rc3) 38. Rc2 $2 (38. Rxc7 {Threatening mate with Rc8!} Qxc7 39. Qxd5) 38... Rxc2 $2 (38... Bxc2 39. Nxc2 (39. Rxa5 Rxd7 40. Rxd5 Bh7 $11) 39... Rxc2 40. Qxd5 Rc5) 39. Kg2 $4 {[%mdl 8192]} (39. Nxc2 $18 Qxd7 40. Ra2) 39... Rc1 $2 ({Black should try} 39... Rxd2+ $19 40. Kh3 Rd3) 40. Rxa5 $2 {[%mdl 8192]} (40. Qxd5 $11 Bg8 41. Qf5) 40... Qxd7 $2 (40... Qxa5 $19 41. Qxd5 Qxd5+ 42. Nxd5 Rd1 43. Nxe7 Rxd2+ {[%mdl 64] Double Attack} 44. Kf3 Rxd7) 41. Ra8+ ({Wrong is} 41. Nxd5 $2 Bf5 $19) 41... Bg8 $2 {[%mdl 8192] [#]} (41... Rc8 $11 {and Black is okay.} 42. Rxc8+ Qxc8) 42. Rc8 $4 {[%mdl 40960] Accuracy: White = 29%, Black = 36%. . An unexpected result.} (42. Qf7 $1 $18 {[%mdl 512]} Rc8 43. Rxc8 {[%mdl 64] Overworked Piece} Qxc8 44. Qxe7) 1/2-1/2

[Event "WJCC U20 Girls 2019"]
[Site "New Delhi"]
[Date "2019.10.15"]
[Round "1.12"]
[White "Chandreyee, Hajra"]
[Black "Munkhzul, Turmunkh"]
[Result "0-1"]
[WhiteElo "2024"]
[BlackElo "2332"]
[Annotator "NA RC"]
[PlyCount "104"]
[EventDate "2019.10.15"]
[EventType "swiss"]
[EventCountry "IND"]
[SourceTitle "playchess.com"]
[Source "ChessBase"]
[SourceQuality "1"]
[TimeControl "40/5400+30:1800+30"]

1. e4 {[%emt 0:00:00]} c5 {[%emt 0:00:00]} 2. Nf3 {[%emt 0:00:00]} d6 {[%emt 0:00:21]} 3. d4 {[%emt 0:00:00]} cxd4 {[%emt 0:00:17]} 4. Nxd4 {[%emt 0:00:00]} Nf6 {[%emt 0:00:37]} 5. Nc3 {[%emt 0:00:07]} a6 {[%emt 0:00:38]} 6. Be2 {[%emt 0:00:19]} e5 {[%emt 0:00:18]} 7. Nb3 {[%emt 0:00:07]} Be7 {[%emt 0:00:16]} 8. O-O {[%emt 0:00:12]} O-O {[%emt 0:00:50]} 9. Kh1 {[%emt 0:00:26]} b6 {[%emt 0:00:26]} 10. f3 {[%emt 0:02:37]} Bb7 {[%emt 0:00:28]} 11. Be3 {[%emt 0:00:19]} b5 {[%emt 0:00:19]} 12. a4 {[%emt 0:06:28]} b4 {[%emt 0:01:23]} 13. Nd5 {[%emt 0:00:58]} Nxd5 {[%emt 0:00:36]} 14. exd5 {[%emt 0:00:21]} Nd7 {[%emt 0:01:04]} 15. c3 {[%emt 0:04:34]} bxc3 {[%emt 0:01:23]} 16. bxc3 {[%emt 0:00:09]} Bg5 {[%emt 0:00:25]} 17. Bxg5 {[%emt 0:03:07]} Qxg5 {[%emt 0:00:16]} 18. Na5 {[%emt 0:04:34]} Nc5 {[%emt 0:05:54]} 19. Rb1 {[%emt 0:06:49]} Qe7 {[%emt 0:05:01]} 20. Rb4 {[%emt 0:07:11]} f5 {[%emt 0:09:06]} 21. Qd2 {[%emt 0:08:11]} f4 {[%emt 0:07:02]} 22. Bd3 {[%emt 0:08:49]} Bc8 {[%emt 0:15:05]} 23. Bc2 {[%emt 0:04:58]} g5 {[%emt 0:10:55]} 24. h3 {[%emt 0:05:00]} h5 {[%emt 0:11:52]} 25. Bg6 {[%emt 0:05:06]} Qg7 {[%emt 0:00:36]} 26. Qc2 {[%emt 0:07:23]} Rf6 {[%emt 0:08:46]} 27. Bxh5 {[%emt 0:00:18]} Bf5 {[%emt 0:00:25]} 28. Qb2 {[%emt 0:03:01]} e4 {[%emt 0:02:35]} 29. fxe4 {[%emt 0:11:25]} Nxe4 {[%emt 0:01:13]} 30. Rb7 {[%emt 0:00:09]} Qh6 {[%emt 0:01:03]} 31. Bf7+ {[%emt 0:02:18]} Kf8 {[%emt 0:06:34]} 32. Kg1 {[%emt 0:01:11]} Nc5 {[%emt 0:01:44]} 33. Be6 {[%emt 0:02:59]} Nxb7 {[%emt 0:00:33]} 34. Qxb7 {[%emt 0:00:49]} Re8 {[%emt 0:00:19]} 35. Qxa6 {[%emt 0:00:48]} Bxe6 {[%emt 0:02:32]} 36. Qxd6+ {[%emt 0:00:08]} Kg7 {[%emt 0:00:22]} 37. dxe6 {[%emt 0:00:11]} Rfxe6 {[%emt 0:00:07]} 38. Qd7+ {[%emt 0:01:37]} R8e7 {[%emt 0:00:17]} 39. Qd4+ {[%emt 0:00:08]} Qf6 {[%emt 0:00:43]} 40. Nb3 {[%emt 0:02:07]} Rd6 {[%emt 0:02:04]} 41. Qxf6+ {[%emt 0:32:27]} Kxf6 {[%emt 0:31:15]} 42. a5 {[%emt 0:01:08]} Rc7 {[%emt 0:02:32]} 43. Nd4 {[%emt 0:00:00]} Ra6 {[%emt 0:00:00]} 44. g3 {[%emt 0:00:00]} Ke5 {[%emt 0:00:00]} 45. Re1+ {[%emt 0:00:00]} Kd5 {[%emt 0:00:00]} 46. gxf4 {[%emt 0:00:00]} gxf4 {[%emt 0:00:00]} 47. Ne2 {[%emt 0:00:00]} Rc4 {[%emt 0:00:00]} 48. Ra1 {[%emt 0:00:00]} f3 {[%emt 0:00:00]} 49. Ng3 {[%emt 0:00:00]} Rxc3 {[%emt 0:00:00]} 50. Kf2 {[%emt 0:00:00]} Rc2+ {[%emt 0:00:00]} 51. Kxf3 {[%emt 0:00:00]} Rf6+ {[%emt 0:00:00]} 52. Kg4 {[%emt 0:00:00]} Rg6+ {[%emt 0:00:00]} 0-1

[Event "WJCC U20 Girls 2019"]
[Site "New Delhi"]
[Date "2019.10.15"]
[Round "1.13"]
[White "Antova, Gabriela"]
[Black "Mirza, Diana"]
[Result "*"]
[WhiteElo "2318"]
[BlackElo "1986"]
[Annotator "NA"]
[PlyCount "74"]
[EventDate "2019.10.15"]
[EventType "swiss"]
[EventCountry "IND"]
[SourceTitle "playchess.com"]
[Source "ChessBase"]
[SourceQuality "1"]
[TimeControl "40/5400+30:1800+30"]

1. d4 {[%emt 0:00:00]} Nf6 {[%emt 0:00:00]} 2. c4 {[%emt 0:00:00]} b6 {[%emt 0:00:00]} 3. Nf3 {[%emt 0:01:54]} Bb7 {[%emt 0:00:00]} 4. Nc3 {[%emt 0:02:23]} Ne4 {[%emt 0:00:34]} 5. Nxe4 {[%emt 0:04:56]} Bxe4 {[%emt 0:00:07]} 6. e3 {[%emt 0:01:31]} g6 {[%emt 0:04:57]} 7. Bd3 {[%emt 0:04:44]} Bb7 {[%emt 0:00:35]} 8. e4 {[%emt 0:13:02]} Bg7 {[%emt 0:00:18]} 9. Be3 {[%emt 0:01:13]} c5 {[%emt 0:01:18]} 10. O-O {[%emt 0:04:42]} cxd4 {[%emt 0:12:14]} 11. Bxd4 {[%emt 0:02:49]} O-O {[%emt 0:01:24]} 12. Bxg7 {[%emt 0:02:08]} Kxg7 {[%emt 0:00:08]} 13. Qd2 {[%emt 0:03:21]} d6 {[%emt 0:02:13]} 14. Rfe1 {[%emt 0:04:01]} Nd7 {[%emt 0:01:00]} 15. Rad1 {[%emt 0:01:58]} Qc7 {[%emt 0:12:41]} 16. b3 {[%emt 0:03:28]} Rad8 {[%emt 0:12:01]} 17. Nd4 {[%emt 0:05:17]} Ne5 {[%emt 0:08:11]} 18. Bb1 {[%emt 0:06:29]} Qd7 {[%emt 0:05:29]} 19. Qg5 {[%emt 0:03:29]} h6 {[%emt 0:06:26]} 20. Qg3 {[%emt 0:03:09]} Qg4 {[%emt 0:01:25]} 21. Qe3 {[%emt 0:02:12]} Nc6 {[%emt 0:06:53]} 22. h3 {[%emt 0:03:09]} Qg5 {[%emt 0:03:55]} 23. Nc2 {[%emt 0:07:00]} Qf6 {[%emt 0:08:30]} 24. Qd2 {[%emt 0:04:03]} Ne5 {[%emt 0:02:52]} 25. f4 {[%emt 0:01:42]} Nc6 {[%emt 0:00:56]} 26. Ne3 {[%emt 0:00:31]} e6 {[%emt 0:01:34]} 27. Ng4 {[%emt 0:02:19]} Qh4 {[%emt 0:01:29]} 28. Qb2+ {[%emt 0:06:27]} f6 {[%emt 0:01:08]} 29. Kh2 {[%emt 0:00:12]} g5 {[%emt 0:01:21]} 30. g3 {[%emt 0:01:52]} Qh5 {[%emt 0:00:06]} 31. Ne3 {[%emt 0:03:25]} Kg8 {[%emt 0:02:13]} 32. Rf1 {[%emt 0:00:30]} e5 {[%emt 0:00:57]} 33. Nf5 {[%emt 0:01:04]} exf4 {[%emt 0:01:07]} 34. gxf4 {[%emt 0:00:02]} gxf4 {[%emt 0:01:25]} 35. Qg2+ {[%emt 0:00:27]} Qg5 {[%emt 0:00:32]} 36. Qf2 {[%emt 0:00:54]} Kh8 {[%emt 0:00:33]} 37. Rg1 {[%emt 0:00:09]} Qg7 {[%emt 0:00:59]} *

[Event "WJCC U20 Girls 2019"]
[Site "New Delhi"]
[Date "2019.10.15"]
[Round "1.15"]
[White "Song, Yuxin"]
[Black "Punsalan, Vyanla M"]
[Result "1/2-1/2"]
[WhiteElo "2292"]
[BlackElo "1964"]
[Annotator "NA"]
[PlyCount "56"]
[EventDate "2019.10.15"]
[EventType "swiss"]
[EventCountry "IND"]
[SourceTitle "playchess.com"]
[Source "ChessBase"]
[SourceQuality "1"]
[TimeControl "40/5400+30:1800+30"]

1. e4 {[%emt 0:00:00]} c5 {[%emt 0:00:21]} 2. Nf3 {[%emt 0:00:00]} g6 {[%emt 0:00:15]} 3. c3 {[%emt 0:00:14]} Bg7 {[%emt 0:00:44]} 4. d4 {[%emt 0:00:12]} cxd4 {[%emt 0:02:03]} 5. cxd4 {[%emt 0:00:07]} d5 {[%emt 0:02:13]} 6. e5 {[%emt 0:00:10]} Bf5 {[%emt 0:00:43]} 7. Bb5+ {[%emt 0:02:20]} Nc6 {[%emt 0:03:06]} 8. Nc3 {[%emt 0:01:18]} a6 {[%emt 0:02:08]} 9. Bxc6+ {[%emt 0:01:46]} bxc6 {[%emt 0:00:26]} 10. O-O {[%emt 0:00:06]} e6 {[%emt 0:02:33]} 11. h3 {[%emt 0:00:17]} h6 12. Bg5 {[%emt 0:00:32]} f6 {[%emt 0:04:30]} 13. exf6 {[%emt 0:00:22]} Bxf6 {[%emt 0:01:00]} 14. Bxf6 {[%emt 0:01:49]} Qxf6 {[%emt 0:01:57]} 15. Ne5 {[%emt 0:05:07]} Ne7 {[%emt 0:03:36]} 16. Qa4 {[%emt 0:07:03]} O-O {[%emt 0:04:58]} 17. Nd7 {[%emt 0:02:21]} Qh4 {[%emt 0:01:25]} 18. Nxf8 {[%emt 0:02:14]} Rxf8 {[%emt 0:01:45]} 19. Qa3 {[%emt 0:01:05]} Bd3 {[%emt 0:07:15]} 20. Nxd5 {[%emt 0:00:27]} Nxd5 {[%emt 0:00:55]} 21. Qxd3 {[%emt 0:00:15]} Nf4 {[%emt 0:01:47]} 22. Qf3 {[%emt 0:02:48]} g5 {[%emt 0:08:07]} 23. Rae1 {[%emt 0:09:42]} g4 {[%emt 0:01:43]} 24. Qxc6 {[%emt 0:01:12]} gxh3 {[%emt 0:03:39]} 25. g3 {[%emt 0:00:08]} Qg4 {[%emt 0:00:25]} 26. Kh1 {[%emt 0:00:30]} Ne2 {[%emt 0:04:11]} 27. Rd1 {[%emt 0:20:37]} Kh8 {[%emt 0:04:23]} 28. Rd3 {[%emt 0:21:05]} Rxf2 {[%emt 0:11:51]} 1/2-1/2

[Event "WJCC U20 Girls 2019"]
[Site "New Delhi"]
[Date "2019.10.15"]
[Round "1.16"]
[White "Pandey Srishti"]
[Black "Li, Yunshan"]
[Result "0-1"]
[WhiteElo "1963"]
[BlackElo "2289"]
[Annotator "NA"]
[PlyCount "62"]
[EventDate "2019.10.15"]
[EventType "swiss"]
[EventCountry "IND"]
[SourceTitle "playchess.com"]
[Source "ChessBase"]
[SourceQuality "1"]
[TimeControl "40/5400+30:1800+30"]

1. d4 d5 2. c4 c6 3. cxd5 cxd5 4. Nc3 Nf6 5. Nf3 Nc6 6. Bf4 e6 7. e3 Bd6 8. Bxd6 Qxd6 9. Bd3 a6 10. O-O b5 11. e4 dxe4 12. Nxe4 Nxe4 13. Bxe4 Bb7 14. Rc1 O-O 15. Rc3 h6 16. Ne5 Rac8 17. Rg3 Nxe5 18. Bxb7 Rcd8 19. h4 Kh8 20. h5 Qb6 21. Qe2 Nd7 22. Qg4 Rg8 23. Qf3 Nf6 24. Rd1 Rd7 25. Bc6 Rxd4 26. Re1 Rc8 27. Be4 Nxe4 28. Qxf7 Nxg3 29. Rxe6 Qd8 30. fxg3 Rc1+ 31. Kh2 Rh4+ 0-1

[Event "WJCC U20 Girls 2019"]
[Site "New Delhi"]
[Date "2019.10.15"]
[Round "1.17"]
[White "Solozhenkina, Elizaveta"]
[Black "Meghna, C H"]
[Result "*"]
[WhiteElo "2283"]
[BlackElo "1956"]
[Annotator "NA"]
[PlyCount "50"]
[EventDate "2019.10.15"]
[EventType "swiss"]
[EventCountry "IND"]
[SourceTitle "playchess.com"]
[Source "ChessBase"]
[SourceQuality "1"]
[TimeControl "40/5400+30:1800+30"]

1. e4 e6 2. d4 d5 3. Nd2 Nf6 4. e5 Nfd7 5. Bd3 c6 6. c3 c5 7. Ne2 cxd4 8. cxd4 f6 9. exf6 Nxf6 10. O-O Bd6 11. Nf3 Qc7 12. Bg5 O-O 13. Qc2 h6 14. Bh4 Nh5 15. Bh7+ Kh8 16. Bg6 Rxf3 17. Bxh5 Bxh2+ 18. Kh1 Rf5 19. Bg4 Bd6 20. Bxf5 exf5 21. Rae1 Qf7 22. Bg3 Bb4 23. Rd1 g5 24. a3 Bf8 25. Bc7 f4 *

[Event "WJCC U20 Girls 2019"]
[Site "New Delhi"]
[Date "2019.10.15"]
[Round "1.17"]
[White "Solozhenkina, Elizaveta"]
[Black "Meghna, C H"]
[Result "1-0"]
[WhiteElo "2283"]
[BlackElo "1956"]
[Annotator "NA"]
[PlyCount "73"]
[EventDate "2019.10.15"]
[EventType "swiss"]
[EventCountry "IND"]
[SourceTitle "playchess.com"]
[Source "ChessBase"]
[SourceQuality "1"]
[TimeControl "40/5400+30:1800+30"]

1. e4 e6 2. d4 d5 3. Nd2 Nf6 4. e5 Nfd7 5. Bd3 c5 6. c3 Nc6 7. Ne2 cxd4 8. cxd4 f6 9. exf6 Nxf6 10. O-O Bd6 11. Nf3 Qc7 12. Bg5 O-O 13. Qc2 h6 14. Bh4 Nh5 15. Bh7+ Kh8 16. Bg6 Rxf3 17. Bxh5 Bxh2+ 18. Kh1 Rf5 19. Bg4 Bd6 20. Bxf5 exf5 21. Rae1 Qf7 22. Bg3 Bb4 23. Rd1 g5 24. a3 Bf8 25. Be5+ Nxe5 26. dxe5 f4 27. Nd4 Bg4 28. Rd3 Bg7 29. Re1 Re8 30. e6 Qg6 31. Qd2 Bxd4 32. Rxd4 Bxe6 33. Qb4 f3 34. gxf3 Qh5+ 35. Kg1 Qxf3 36. Re3 Qf7 37. Qd6 1-0

[Event "WJCC U20 Girls 2019"]
[Site "New Delhi"]
[Date "2019.10.15"]
[Round "1.18"]
[White "Savitha Shri B"]
[Black "Vantika Agrawal"]
[Result "1/2-1/2"]
[WhiteElo "1916"]
[BlackElo "2283"]
[Annotator "NA"]
[PlyCount "104"]
[EventDate "2019.10.15"]
[EventType "swiss"]
[EventCountry "IND"]
[SourceTitle "playchess.com"]
[Source "ChessBase"]
[SourceQuality "1"]
[TimeControl "40/5400+30:1800+30"]

1. e4 {[%emt 0:00:00]} c5 {[%emt 0:00:07]} 2. Nf3 {[%emt 0:00:00]} Nc6 {[%emt 0:00:44]} 3. Nc3 {[%emt 0:00:00]} e5 {[%emt 0:00:18]} 4. Bc4 {[%emt 0:00:00]} d6 {[%emt 0:00:18]} 5. d3 {[%emt 0:00:30]} Be7 {[%emt 0:00:06]} 6. O-O {[%emt 0:00:16]} Nf6 {[%emt 0:00:27]} 7. a4 {[%emt 0:01:40]} O-O {[%emt 0:00:28]} 8. h3 {[%emt 0:02:11]} a6 {[%emt 0:10:05]} 9. Bg5 {[%emt 0:06:35]} Rb8 {[%emt 0:12:09]} 10. Qd2 {[%emt 0:06:54]} Be6 {[%emt 0:15:35]} 11. Bxf6 {[%emt 0:08:03]} Bxf6 {[%emt 0:00:13]} 12. Nd5 {[%emt 0:00:21]} h6 {[%emt 0:06:24]} 13. c3 {[%emt 0:03:52]} b5 {[%emt 0:11:29]} 14. axb5 {[%emt 0:00:36]} axb5 {[%emt 0:00:04]} 15. Bb3 {[%emt 0:01:53]} Bxd5 {[%emt 0:01:05]} 16. Bxd5 {[%emt 0:00:09]} Ne7 {[%emt 0:00:16]} 17. Ba2 {[%emt 0:01:41]} d5 {[%emt 0:04:33]} 18. Qe2 {[%emt 0:10:42]} Qd6 {[%emt 0:02:36]} 19. exd5 {[%emt 0:04:58]} Nxd5 {[%emt 0:00:21]} 20. Bxd5 {[%emt 0:00:07]} Qxd5 {[%emt 0:00:05]} 21. Rfe1 {[%emt 0:02:34]} Rfe8 {[%emt 0:03:17]} 22. Qe4 {[%emt 0:00:54]} Qd7 {[%emt 0:03:06]} 23. Nh2 {[%emt 0:02:16]} g6 {[%emt 0:18:16]} 24. Ra6 {[%emt 0:03:11]} Bg7 {[%emt 0:00:32]} 25. Qe3 {[%emt 0:05:29]} c4 {[%emt 0:01:31]} 26. Rd1 {[%emt 0:05:29]} Red8 {[%emt 0:02:40]} 27. Ng4 {[%emt 0:00:54]} cxd3 {[%emt 0:00:32]} 28. Nxe5 {[%emt 0:04:11]} Bxe5 {[%emt 0:01:03]} 29. Qxe5 {[%emt 0:00:09]} d2 {[%emt 0:01:09]} 30. Qe3 {[%emt 0:00:58]} Qd5 {[%emt 0:01:38]} 31. Rf6 {[%emt 0:01:59]} b4 {[%emt 0:02:45]} 32. Rf4 {[%emt 0:15:39]} bxc3 {[%emt 0:00:19]} 33. bxc3 {[%emt 0:00:10]} Qa2 {[%emt 0:01:19]} 34. Rb4 {[%emt 0:05:56]} Rxb4 {[%emt 0:00:39]} 35. cxb4 {[%emt 0:00:06]} Qc4 {[%emt 0:00:41]} 36. b5 {[%emt 0:01:28]} Qc2 {[%emt 0:00:35]} 37. Qe2 {[%emt 0:00:06]} Qb2 {[%emt 0:00:31]} 38. b6 {[%emt 0:01:43]} h5 {[%emt 0:00:30]} 39. b7 {[%emt 0:00:30]} Qxb7 {[%emt 0:00:29]} 40. Rxd2 {[%emt 0:00:13]} Rc8 {[%emt 0:00:29]} 41. Rd1 {[%emt 0:31:19]} Qb3 {[%emt 0:10:39]} 42. Qd3 {[%emt 0:00:00]} Qb2 {[%emt 0:02:52]} 43. Qd4 {[%emt 0:00:00]} Qe2 {[%emt 0:05:20]} 44. Qd3 {[%emt 0:00:00]} Qxd3 {[%emt 0:05:08]} 45. Rxd3 {[%emt 0:00:00]} Rc4 {[%emt 0:00:10]} 46. g3 {[%emt 0:00:00]} h4 {[%emt 0:00:17]} 47. Kg2 {[%emt 0:00:00]} Kg7 {[%emt 0:00:14]} 48. Rd7 {[%emt 0:00:00]} g5 {[%emt 0:01:09]} 49. g4 {[%emt 0:00:00]} Rf4 {[%emt 0:00:39]} 50. Ra7 {[%emt 0:00:00]} Rb4 {[%emt 0:00:30]} 51. Rc7 {[%emt 0:00:00]} Rb5 {[%emt 0:00:33]} 52. Ra7 {[%emt 0:00:00]} Kf6 {[%emt 0:02:08]} 1/2-1/2